Szybkie pisanie od A do Z - w porządku alfabetycznym - Statystyki

Ogólne statystyki
  • Ten quiz został rozwiązany 893 razy
  • Średni wynik to 17 z 26
Statystyki odpowiedzi
litera % Poprawnych
A
100%
B
98%
C
96%
D
95%
E
95%
F
94%
G
93%
H
91%
I
91%
J
91%
K
90%
L
89%
M
82%
N
81%
O
80%
P
76%
Q
43%
R
39%
S
37%
T
36%
U
33%
V
26%
W
23%
X
18%
Y
17%
Z
16%
Nie znaleziono quizów pasujących do podanych kryteriów
Rozkład punktacji
Procent ludzi z każdym wynikiem
Percentyl według liczby udzielonych odpowiedzi
Twoja historia wyników
Nie rozwiązałeś tego quizu